" A mí me pasa lo mismo que a usted": aprendizajes obtenidos en la sistematiación de experiencias de promoción de la equidad de género /
Gardado en:
| Autor Principal: | |
|---|---|
| Outros autores: | , , |
| Formato: | Texto |
| Etiquetas: |
Engadir etiqueta
Sen Etiquetas, Sexa o primeiro en etiquetar este rexistro!
|
MARC
| LEADER | 00000 a a2200000 04500 | ||
|---|---|---|---|
| 001 | 9075 | ||
| 003 | |||
| 040 | |||
| 100 | |a Barrenechea, Maria Mercedes | ||
| 245 | |a " A mí me pasa lo mismo que a usted": |b aprendizajes obtenidos en la sistematiación de experiencias de promoción de la equidad de género / |c Maria Mercedes Barrenechea ; Jenifer Bonilla ; Maria de la Luz Morgan ; Estela González | ||
| 700 | |a Bonilla, Jenifer | ||
| 700 | |a Luz Morgan, Maria de la | ||
| 700 | |a González, Estela | ||
| 773 | |g número 23; páginas 65-72 | ||
| 999 | |c 35060 |d 35060 | ||
